| 000 | 00877nam a22002417a 4500 | ||
|---|---|---|---|
| 005 | 20090724141746.0 | ||
| 008 | 090724t xxu||||| |||| 00| 0 eng d | ||
| 010 | _aENG-94552 | ||
| 020 |
_a9788131305058 _c495.00 |
||
| 035 | _aEN-78085 | ||
| 037 | _bDBAD / PUB | ||
| 040 |
_adpl _bEnglish |
||
| 082 | _a638.2 | ||
| 245 |
_aMoricultue / _cedited by Kamal Jaiswal...[et al] |
||
| 260 |
_aNew Delhi _bAPH Publishing Corporation _c2009 |
||
| 270 |
_a4435-36/7, Ansari Road, Daryaganj _bNew Delhi _e110002 |
||
| 300 |
_ax, 156p. _c23cm(Hb) |
||
| 500 | _aIncludes references and index | ||
| 650 | _aSericulture | ||
| 700 | _aJaiswal, Kamal | ||
| 942 |
_2ddc _cEN _mMOR _h638.2 |
||
| 999 |
_c28628 _d28628 |
||